Statistics for População do Distrito de Faro por ordem

Click here to take the quiz!

General Stats

  • This quiz has been taken 3 times
  • The average score is 7 of 16

Answer Stats

HintAnswer% Correct
67 622 hab.Faro
100%
59 845 hab.Portimão
100%
72 332 hab.Loulé
67%
44 614 hab.Olhão
67%
44 164 hab.Albufeira
33%
2 523 hab.Alcoutim
33%
6 045 hab.Aljezur
33%
6 439 hab.Castro Marim
33%
23 725 hab.Lagoa
33%
33 494 hab.Lagos
33%
5 462 hab.Monchique
33%
11 248 hab.São Brás de Alportel
33%
37 766 hab.Silves
33%
27 523 hab.Tavira
33%
5 717 hab.Vila do Bispo
33%
18 824 hab.Vila Real de Santo António
33%

Score Distribution

Percentile by Number Answered

Percent of People with Each Score

Your Score History

You have not taken this quiz